000 00494 a2200193 4500
001 61395
005 20260407155903.0
008 260407a1969 arg spa d
003 AR-UNSa-BCEJYS
040 _aAR-UNSa-BCEJYS
_bspa
_cAR-UNSa-BCEJYS
080 _a347
_xDerecho Civil
245 1 0 _aDerecho privado I
264 1 _aBuenos Aires :
_b[s.n.]
_c1969
300 _a476 p.
_c23 cm.
041 _aspa
942 _cBK
590 _aniveau_biblio:m niveau_hierar:0
100 1 _aFrutos, Pedro
999 _c7281
_d7281